[Event "Amsterdam Science Park op-D 3rd"]
[Site "Amsterdam"]
[Date "2013.07.14"]
[Round "9"]
[White "Brouwer, Floris"]
[Black "Wagenvoorde, Guido"]
[Result "1/2-1/2"]
[WhiteElo "1139"]
[BlackElo "1346"]
[PlyCount "50"]
[EventDate "2013.07.06"]
[EventType "swiss"]
[EventRounds "9"]
[EventCountry "NED"]
[SourceTitle "CBM 155 Extra"]
[Source "ChessBase"]
[SourceDate "2013.08.26"]
[SourceVersion "1"]
[SourceVersionDate "2013.08.26"]
[SourceQuality "1"]

1. e4 c6 2. Nf3 d5 3. exd5 cxd5 4. d4 Bf5 5. Nc3 e6 6. Bb5+ Nc6 7. 0-0 Bd6 8. Qe2 Nf6 9. Bg5 0-0 10. Rac1 Rc8 11. h3 Na5 12. Ne5 a6 13. Nd7 axb5 14. Nxf8 Kxf8 15. Nxb5 Qd7 16. Bxf6 gxf6 17. Nxd6 Qxd6 18. Qd2 Nc4 19. Qh6+ Ke7 20. Rfe1 Nxb2 21. Rb1 Rxc2 22. Rec1 Rxc1+ 23. Rxc1 Nd3 24. Rc8 Kd7 25. Rf8 Bg6 1/2-1/2